Already Over (Lyrics)- Sabrina Carpenter - Statistics

General Stats
  • This quiz has been taken 109 times
  • The average score is 284 of 321
Answer Stats
Answer % Correct
a
100%
how
100%
How
100%
I
100%
but
98%
But
98%
do
98%
over?
98%
over
98%
to
98%
To
98%
you
98%
already
96%
And
96%
and
96%
when
96%
be
93%
it
93%
Of
93%
on
93%
Say
93%
say
93%
the
93%
We
93%
we
93%
am
91%
can
91%
for
91%
I'm
91%
off
91%
still
91%
where
91%
as
89%
been
89%
my
89%
that
89%
this
89%
time
89%
Time
89%
you're
89%
door
87%
friends
87%
here
87%
hours
87%
leave
87%
like
87%
need
87%
supposed
87%
talk
87%
won't
87%
after
84%
After
84%
again
84%
better
84%
'Bout
84%
close
84%
closure?
84%
confused
84%
done
84%
don't
84%
it's
84%
It's
84%
Kissin'
84%
me
84%
now
84%
talkin'
84%
Only
82%
Same
82%
weekend
82%
conversation
80%
end
80%
I'll
80%
Make
80%
next
80%
stand
80%
too
80%
we'd
80%
back
78%
bed
78%
long
78%
shouldn't
78%
take
78%
exist
76%
know
76%
change
73%
fall
73%
mind
73%
pretendin'
73%
probably
73%
three
73%
Three
73%
you'll
73%
comin'
71%
else's
71%
last
71%
lips
71%
someone
71%
wanna
71%
Yeah
71%
give
69%
short
69%
aftermath
67%
bedroom
67%
likes
67%
Selfishly
64%
weekends
13%
No matching quizzes found
Score Distribution
Percent of People with Each Score
Percentile by Number Answered
Your Score History
You have not taken this quiz